000
00274nam a22001097a 4500
008
240603b |||||||| |||| 00| 0 eng d
100
_a
Ishwar Anchal
_9
15090
245
_a
Gund Piyo Gare
260
_a
Bombay :
_b
Kalkama Kitab Ghar Pub.
_c
1967.
300
_a
120p.
942
_c
BK
999
_c
39439
_d
39439